| 000 | 02085nam a22004457a 4500 | ||
|---|---|---|---|
| 001 | 0043481 | ||
| 003 | KOHA_MİRAKIL | ||
| 005 | 20260207003350.0 | ||
| 007 | ta | ||
| 008 | 130730b2011 tu |||gr||||#||||0|tur | | ||
| 020 | _a9786051063744 | ||
| 040 |
_aTR-BiSEU _btur _cTR-BiSEU _erda |
||
| 041 | 0 | _atur | |
| 044 | _ctu | ||
| 050 |
_aQ175 _b.S65 2011 |
||
| 100 | 1 | _aSokal, Alan. | |
| 245 | 1 |
_aŞakanın ardından : _bpostmodernizmin bilimsel, felsefi ve kültürel eleştirisi/ _cAlan Sokal ; Alan Sokal ; çeviren Gülsima Eryılmaz. |
|
| 264 | 1 |
_aİstanbul : _bAlfa Yayınları _c2011 |
|
| 300 |
_axxvvi, 530 sayfa ; _c21 cm. |
||
| 336 |
_ametin _btxt _2rdacontent |
||
| 337 |
_aaracısız _bn _2rdamedia |
||
| 338 |
_acilt _bnc _2rdacarrier |
||
| 490 | 1 |
_aAlfa yayınları ; _v2233. |
|
| 490 | 1 |
_aFelsefe-Bilim felsefesi ; _v4. |
|
| 500 | _aÖzgün adı : Beyond the hoax ; science, philosophy and culture | ||
| 500 | _aDizin var. | ||
| 500 | _aKaynakça var. | ||
| 505 |
_aTürkçe Baskıya Önsöz ix _xÖnsöz xiii _x _xKısım I : Social Text Olayı 1 _x1 Parodiler, açlıklamalı 3 _x2 Sınırları aşmak : Bir ösöz 89 _x3 Hakikat, akıl, nesnellik ve sol 105 _x4 Bilim çalışmaları : Göz görünenden daha azı 117 _x5 Social Text olayı neyin kanıtlar neyi kanıtlamaz 157 _x _xKısım II : Bilim ve Felsefe 179 _x6 Bilim felsefesinde bilişsel görecelik 183 _x7 Alçakgönüllü bir bilimsel realizm için savunma 249 _x _xKısım III: Bilim ve Kültür 285 _x8 Sahte bilim ve Posmodernizm : Düşmanlar mı yoksa yoldaşlar mı ? 289 _x9 Din, politika ve hayatta kalma 415 _x10 Sonsöz : Epistemoloji ve etik 503 _xDizin 521 _x |
||
| 650 | 0 |
_aBilim--Felsefe. _99412 |
|
| 650 | 0 |
_aScience--Philosophy. _915256 |
|
| 650 | 0 |
_aKanıt. _981057 |
|
| 650 | 0 |
_aEvidence. _962463 |
|
| 650 | 0 |
_aSözde bilim. _981058 |
|
| 650 | 0 |
_aPseudoscience. _981059 |
|
| 650 | 0 |
_aDolandırıcılık, Bilimde. _981060 |
|
| 650 | 0 |
_aFraud in science. _981061 |
|
| 830 | 1 |
_aAlfa yayınları ; _v2233. _93219 |
|
| 830 | 1 |
_aFelsefe-Bilim felsefesi ; _v4. _981062 |
|
| 942 |
_2lcc _cBK |
||
| 999 |
_c43300 _d43300 |
||